000 00517nam a2200181Ia 4500
008 131103s9999 xx 000 0 und d
020 _a0 7100 7424 7
040 _aLoreto College
041 _aEnglish
082 _a372.41/MAC
_bLCBED/1678
100 _aMcKeown, Pamela
245 _aReading
_b a basic guide for parents and teachers
_cPamela McKeown
260 _aLondon
_bRoutledge & Kegan
_c1974
300 _ax,160 p.
_c 21cm.
650 _aElementary education
850 _aLCBED/372.41/MAC
942 _cBK
999 _c27567
_d78046